[Event "CRO-chT3W"]
[Site "Croatia"]
[Date "2016.04.10"]
[Round "5.5"]
[White "Ozvald, Antun"]
[Black "Derencinovic, Radoslav"]
[Result "0-1"]
[WhiteElo "1900"]
[BlackElo "1889"]
[PlyCount "104"]
[EventDate "2016.03.05"]
[EventType "team-tourn"]
[EventRounds "9"]
[EventCountry "CRO"]
[SourceTitle "CBM 171 Extra"]
[Source "ChessBase"]
[SourceDate "2016.04.26"]
[SourceVersion "1"]
[SourceVersionDate "2016.04.26"]
[SourceQuality "1"]
[WhiteTeam "Vodnjan"]
[BlackTeam "Rijeka Maestral"]
[WhiteTeamCountry "CRO"]
[BlackTeamCountry "CRO"]

1. e4 g6 2. d4 d6 3. c3 Bg7 4. Nf3 Nf6 5. Bd3 c5 6. 0-0 0-0 7. h3 cxd4 8. cxd4 b6 9. Nc3 Bb7 10. Be3 e6 11. Rc1 Nc6 12. Qd2 a6 13. Bg5 Qd7 14. Bb1 Rac8 15. Rfd1 b5 16. Qe3 Rc7 17. Bh6 Rfc8 18. Bxg7 Kxg7 19. e5 Ne8 20. Ne4 Ne7 21. Rxc7 Qxc7 22. exd6 Nxd6 23. Nxd6 Qxd6 24. Qe5+ Qxe5 25. Nxe5 Rc7 26. Nd3 Be4 27. f3 Bxd3 28. Bxd3 Rd7 29. Be4 e5 30. d5 f5 31. Bc2 Rxd5 32. Rxd5 Nxd5 33. Kf2 Kf6 34. g3 Ke6 35. h4 h6 36. Ke2 g5 37. hxg5 hxg5 38. a3 Nb6 39. b3 Nc8 40. Bd3 Ne7 41. a4 bxa4 42. bxa4 a5 43. Bc4+ Kd6 44. Kd3 Kc5 45. Be6 Kd6 46. Bf7 Nc6 47. g4 Nb4+ 48. Kd2 fxg4 49. fxg4 e4 50. Ke3 Ke5 51. Bb3 Nd5+ 52. Ke2 Nf6 0-1